000 00713cam a2200217 a 4500
020 _a9780821373088 (print)
020 _a0821373080 (print)
020 _a9780821373095 (electronic)
020 _a0821373099 (electronic)
040 _cDLC
082 0 0 _a337 THE 2009 A010 Or.
245 0 0 _aChina's and India's challenge to Latin America :
_bopportunity or threat? /
260 _aWashington, D.C. :
_bThe World Bank,
_cc2009.
300 _axxviii, 331 p. :
_bill. ;
_c23 cm.
490 1 _aLatin American development forum series
700 1 _aLederman, Daniel,
700 1 _aOlarreaga, M.
700 1 _aPerry, Guillermo.
856 4 1 _uhttp://www.loc.gov/catdir/toc/ecip0819/2008024106.html
942 _cEK
999 _c13690
_d13690